Loading...
| Painting/Sculpture | 0 | 8 | 1 | 0 | 75 | 19 | 54.63 | 4 | 6 | 38.43 | 68.57 |
| Science - Chemistry | 0 | 3 | 0 | 0 | 30 | 26 | 45.67 | 2 | 2 | 15.29 | 25.00 |
| Science - Other | 0 | 3 | 0 | 1 | 30 | 39 | 69.33 | 1 | 1 | 10.66 | 15.18 |
| Science - Biology | 0 | 2 | 0 | 0 | 20 | 69 | 71.00 | 0 | 1 | 5.72 | 8.75 |
| History - World | 0 | 1 | 1 | 1 | 5 | 102 | 102.00 | 0 | 0 | 0.10 | 2.50 |
| Geography | 0 | 1 | 1 | 0 | 5 | 34 | 34.00 | 1 | 1 | 13.52 | 20.00 |
| Fine Arts - Other | 0 | 0 | 1 | 0 | -5 | 0.00 | 0 | 0 | 0.00 | 0.00 | |
| Pop Culture | 0 | 0 | 1 | 0 | -5 | 0.00 | 0 | 0 | 0.00 | 0.00 | |
| Science - Physics | 0 | 0 | 2 | 0 | -10 | 0.00 | 0 | 0 | 0.00 | 0.00 | |
| Social Science | 0 | 0 | 2 | 0 | -10 | 0.00 | 0 | 0 | 0.00 | 0.00 |